Concepts and contexts of diasporic literature of India / (Record no. 11108)

MARC details
000 -LEADER
fixed length control field 00898cam a2200265 a 4500
005 - DATE AND TIME OF LATEST TRANSACTION
control field 20201205121313.0
008 - FIXED-LENGTH DATA ELEMENTS--GENERAL INFORMATION
fixed length control field 111111s2011 ii b 000 0 eng d
020 ## - INTERNATIONAL STANDARD BOOK NUMBER
International Standard Book Number 9789381030240
040 ## - CATALOGING SOURCE
Original cataloging agency DKAGE
Language of cataloging eng
Transcribing agency DKAGE
Modifying agency DLC
041 ## - LANGUAGE CODE
Language code of sung or spoken text English
082 04 - DEWEY DECIMAL CLASSIFICATION NUMBER
Classification number 823.9109954
Edition number 23
Item number CON
245 00 - TITLE STATEMENT
Title Concepts and contexts of diasporic literature of India /
Statement of responsibility, etc. edited by K.V. Dominic.
250 ## - EDITION STATEMENT
Edition statement 1st ed.
260 ## - PUBLICATION, DISTRIBUTION, ETC.
Place of publication, distribution, etc. New Delhi :
Name of publisher, distributor, etc. Gnosis,
Date of publication, distribution, etc. 2011.
300 ## - PHYSICAL DESCRIPTION
Extent xi, 295 p. ;
Dimensions 22 cm.
500 ## - GENERAL NOTE
General note Contributed articles.
650 #0 - SUBJECT ADDED ENTRY--TOPICAL TERM
Topical term or geographic name entry element Indic fiction (English)
General subdivision History and criticism.
650 #0 - SUBJECT ADDED ENTRY--TOPICAL TERM
Topical term or geographic name entry element East Indian diaspora in literature.
700 1# - ADDED ENTRY--PERSONAL NAME
Personal name Dominic, K. V.
Dates associated with a name 1956-
Relator term Editor
942 ## - ADDED ENTRY ELEMENTS (KOHA)
Source of classification or shelving scheme Dewey Decimal Classification
Koha item type Books
504 ## - BIBLIOGRAPHY, ETC. NOTE
Bibliography, etc. note Includes bibliographical references.
700 1# - ADDED ENTRY--PERSONAL NAME
Fuller form of name (Kannappillil Varghese),
906 ## - LOCAL DATA ELEMENT F, LDF (RLIN)
a 7
b cbc
c copycat
d 3
e ncip
f 20
g y-gencatlg
Holdings
Withdrawn status Lost status Source of classification or shelving scheme Damaged status Not for loan Collection code Home library Current library Shelving location Date acquired Cost, normal purchase price Total Checkouts Full call number Barcode Date last seen Date last checked out Copy number Price effective from Koha item type
    Dewey Decimal Classification     English Central Library, Naharkatiya College Central Library, Naharkatiya College General Stacks 05/12/2020 775.00 1 823.9109954 DOM 20874 07/12/2020 05/12/2020 1 05/12/2020 Books

Naharkatiya College © 2020. All rights reserved.

Powered By